000 01014nam a2200349 a 4500
001 000113307
003 CHAP
005 20220329144348.0
008 170605s2010 mx |r| ||1|||spa d
010 _a109768
011 _a110740
020 _a9786071503336
040 _cCHAP
082 0 4 _a330
_bS19 2010
100 0 0 _aSamuelson, Paul Anthony.
_9101944
245 1 0 _aEconomía :
_bcon aplicaciones a Latinoamérica /
_cpor Paul Anthony Samuelson y William D. Nordhaus.
250 _a19 ed.
260 _aMéxico, D.F. :
_bMcGraw-Hill Interamericana,
_c2010.
300 _axxx, 716 p.
490 _aEducación
534 _pTít. original :
_tEconomics
590 _aE11695DGD
_b10
_c20170605
_lUCH01
_h1425
590 _aE5765TAJ
_b05
_c20170605
_lUCH01
_h0858
650 1 4 _aEconomía.
_935226
650 1 4 _aMacroeconomía.
_969550
650 1 4 _aMicroeconomía.
_975508
700 0 _aNordhaus, William D.
_981723
830 0 _aEducación
_935410
901 _aBK
942 _cLIBRO
942 _n0
999 _c109768
_d109768